MDQL
is popping MORE tags! Check the
thread
!
Quizzes
Events
Quiz Creation
Community
Videos
Private Events
Remove Ads
Sign In
Join for FREE
Feedback
Dark Mode
Quiz Categories
Sports
Geography
Music
Movies
Television
Just For Fun
Miscellaneous
History
Literature
Language
Science
Gaming
Entertainment
Religion
Holiday
For Kids
Quiz Lab
Recent
Popular Today
Quiz Kudos Today
Editor Picks
Curator Picks
Quizzes by...
Day
Popularity
Type
Ratings
Length
Year
Community
Subscriptions
Recent Discussions
Orange Saloon
Badges
Playlists
Quests
Create
Leaderboards
Showdown
Live 5
Trivia Bingo
Activity
Puzzle Library
Sporcle Events
Private Events
Virtual Trivia
Globe League
Become a Host
Pub Owners
SporcleCon
Opinionation
Our Games
Videos
Blog
Mobile Apps
Partnerships
Remove Ads and Go Orange
Feedback
History
US Presidents
World Leaders
Politics
Nation
Discovery
War
Decade
Year
Century
Biography
Art
History
US Presidents
World Leaders
Politics
Nation
Discovery
War
Decade
Year
Century
Biography
Art
Random Quiz
Search Sporcle
×
Quiz Lab
Quiz Lab
History
Famous
Type answers based on single images at one time
Type answers based on single images at one time
Slideshow
Best Score? Go Orange.
Famous Birthdays in June Stats
Can you name the famous people who were born on each day in June?
By
tylerkermit
20m
30 Questions
220 Plays
220 Plays
220 Plays
Comments
Comments
Give Quiz Kudos
Give Quiz Kudos
-
- Ratings
hide this ad
Replay
Link that replays current quiz
Next Quiz
Link to next quiz in quiz playlist
You Got
0%
They Got
Avg Score
52%
Avg Friend Score
Upgrade to see
Score Distribution
Jump to the score distribution portion of the page
Score
0/30
Timer
20:00
0
Plays Today
% Correct
Angelina Jolie
81%
Oscar the Grouch
80.1%
Paul McCartney
76.9%
Judy Garland
75.9%
Mike Tyson
75.9%
Gene Wilder
74.5%
John Goodman
72.2%
Mark Wahlberg
71.8%
Tim Allen
69%
Michael J. Fox
67.6%
Kanye West
66.2%
Meryl Streep
66.2%
Ricky Gervais
65.7%
Anderson Cooper
58.3%
Paul Giamatti
51.9%
% Correct
Bill Hader
50.5%
Justin Long
47.7%
Moe Howard
46.3%
Drake Bell
45.4%
Burl Ives
44.4%
Chris Pratt
43.5%
Mindy Kaling
38.9%
Laurie Metcalf
33.3%
Greg Kinnear
33.3%
Jim Varney
31.9%
Melissa Rauch
31%
Peter Linz
26.9%
Richard Lewis
20.8%
Sonia Manzano
20.4%
Eleanor Parker
14.4%
Quiz Playlist
Details
Report
Send in Message
Add To Playlist
Slideshow:
Type answers based on single images at one time
Quiz Source
Last Updated: Jun 15, 2018
Quiz Scoreboard
CHALLENGE
Sign Up to Join the Scoreboard
Show All
Scores
Hide
Comments
May contain spoilers
Recently Published
5x2 Blitz: Bands
by SL_Kpop136
Music
30s
Colored Red Africa Blitz
by spor1
Geography
30s
Find the 'City' Movie
by crazypaving
Movies
60s
More to Explore
Quiz From the Vault
Featured Blog Post
14 Easter Pick-up Lines to Find Eggs With
hide this ad
You Might Also Like...
Tags
Actor Quiz
Celebrity Quiz
Famous Quiz
Birthday
Born
Famous People
June
Person
Today's Top Quizzes in History
Browse History
hide this ad
Today's Top Quizzes in Famous
Browse Famous
Top Contributed Quizzes in History
1
Popular People in 1991
2
US National Parks Named After People
3
Popular People in 1951
4
Order Up: 1000 Years of World Events I
5
Popular People in 1941
6
Popular People in 1981
7
Popular People in 1986
8
Popular People in 1921
9
Popular People in 1976
10
Magic 10 Blitz: U.S. Presidents
Explore More
Trending Topics
NBA
Kpop
Harry Potter
Anime
Crossword
Disney
Marvel
Song
Pokémon
Soccer
Puzzle
WWE
NFL
Country
The Office
hide this ad
More By:
tylerkermit
Quiz
Plays
Rating
Category
Featured
Created
Famous People Born February 17th
4,162
4.20
History
Jun 29, 2019
Animated Movies In the 21st Century
944
1.00
Movies
Feb 24, 2016
Highest Grossing Actors 1-300
684
3.00
Movies
Feb 20, 2019
Famous People Born February 18th
408
History
Jun 29, 2019
Famous People Born December 13th
404
4.67
History
Jul 18, 2020
Go to Creator's Profile
Score Distribution
Quiz Creator Spotlight
tylerkermit
Follow
Send a Message
Quizzes Created
-
Created Quiz Play Count
-
More By This Creator
Popular Quizzes Today
1
Colored Red Africa Blitz
2
Find the 'City' Movie
3
Find the US States - No Outlines Minefield
4
5x2 Blitz: Bands
5
The Countries of the World
6
Find the US States
7
US States
8
9x9 Crossword: Cartoon Network
More History Quizzes
History: Unsolved Mysteries
Quiz Lab
Trending Quizzes
Colored Red Europe Blitz I
Colored Red Europe Blitz II
Colored Red Africa Blitz II
Colored Red Europe Blitz III
Colored Red Africa Blitz III
Recently Updated
How Do You Spell That?
pecheneg
Godzilla Movies
pecheneg
Grab Bag: 4-10 Letters
pecheneg
2024 March Madness Bracket
pecheneg
Famous TV Couples
Peacemaker
Champions League XIs: Real Madrid
pecheneg
Largest US Cities 1790-2010
pecheneg
Rides in Walt Disney World
pecheneg
Most Oscar Losses (Acting)
pecheneg
Beyoncé Albums
pecheneg
Trending Topics
Crossword
Harry Potter
NBA
Disney
Anime
Kpop
Marvel
Country
The Office
Song
Puzzle
Soccer
WWE
NFL
Pokémon
Your Account Isn't Verified!
In order to create a playlist on Sporcle, you need to verify the email address you used during registration. Go to your
Sporcle Settings
to finish the process.
Report this User
Report this user for behavior that violates our
Community Guidelines
.
Details:
Send Report
Go to the Sporcle.com Mobile Site →
Comments